Mezögazdaság agrártudomány agrártöténet
Enregistré dans:
| Format: | Livre |
|---|---|
| Langue: | hongrois |
| Publié: |
Budapest
Akadémiai Kiadó
1979
|
| Tags: |
Pas de tags, Soyez le premier à ajouter un tag!
|
MARC
| LEADER | 00000nam a2200000 4500 | ||
|---|---|---|---|
| 001 | c142213 | ||
| 005 | 20041019155324.2 | ||
| 041 | 0 | |a hun | |
| 044 | |a HU | ||
| 245 | 1 | 0 | |a Mezögazdaság agrártudomány agrártöténet |
| 264 | 1 | |a Budapest |b Akadémiai Kiadó |c 1979 | |
| 300 | |a 367 s. | ||